Turján Vilma és Montag Lajos a Kamarazenekör hangversenyén
Elmentve itt :
| Dokumentumtípus: | Cikk |
|---|---|
| Megjelent: |
1941-12-05
|
| Sorozat: | Délmagyarország
17 No. 278 |
| Kulcsszavak: | Turján Vilma, Montag Lajos, Kamarazenekör hangverseny 1941, zeneélet |
| Online Access: | http://dmarchiv.bibl.u-szeged.hu/76178 |
| LEADER | 00489nab a2200145 i 4500 | ||
|---|---|---|---|
| 001 | delm76178 | ||
| 005 | 20180928084359.0 | ||
| 008 | 180928s1941 hu o 0|| hun d | ||
| 040 | |a SZTE Délmagyarország Archívum |b hun | ||
| 041 | |a hun | ||
| 245 | 0 | 0 | |a Turján Vilma és Montag Lajos a Kamarazenekör hangversenyén |h [elektronikus dokumentum] |
| 260 | |c 1941-12-05 | ||
| 300 | |a 7 | ||
| 490 | 0 | |a Délmagyarország |v 17 No. 278 | |
| 695 | |a Turján Vilma, Montag Lajos, Kamarazenekör hangverseny 1941, zeneélet | ||